New Zealand Rugby - All Blacks 2023 Debutants - Statistics

General Stats
  • This quiz has been taken 9 times
  • The average score is 2 of 6
Answer Stats
Answer % Correct
Cam Roigard
71%
Shaun Stevenson
43%
Tamaiti Williams
43%
Samipeni Finau
29%
Dallas McLeod
0%
Emoni Narawa
0%
No matching quizzes found
Score Distribution
Percent of People with Each Score
Percentile by Number Answered
Your Score History
You have not taken this quiz